Elaboración de un plan de gestión ambiental para un laboratorio de disoluciones parenterales
Guardado en:
| Autor principal: | |
|---|---|
| Formato: | Libro |
| Publicado: |
San José, Costa Rica
2008
|
| Materias: | |
| Etiquetas: |
Agregar Etiqueta
Sin Etiquetas, Sea el primero en etiquetar este registro!
|
MARC
| LEADER | 00000nam a2200000Ia 4500 | ||
|---|---|---|---|
| 003 | 001109 | ||
| 005 | 20221231144100.0 | ||
| 008 | 140114s2008 cr a 000 ||s d | ||
| 040 | |c cru CEDI | ||
| 090 | |a TFG 5634 | ||
| 100 | |a Zumbado Salas, Shirley |9 4387 | ||
| 245 | |a Elaboración de un plan de gestión ambiental para un laboratorio de disoluciones parenterales | ||
| 260 | |c 2008 |b San José, Costa Rica | ||
| 300 | |a xiii, 113 hojas; ilustraciones a color | ||
| 500 | |a Proyecto de graduación (licenciatura en ingeniería química)--Universidad de Costa Rica. Facultad de Ingeniería. Escuela de Ingeniería Química | ||
| 650 | |x GESTION AMBIENTAL |x SOLUCIONES PARENTERALES |x LABORATORIOS |x NORMAS |x RESIDUOS PELIGROSOS |x MANIPULACION |x EMISIONES |x PROTECCION DEL MEDIO AMBIENTE |x LEGISLACION |x EVALUACION DEL IMPACTO AMBIENTAL |9 4388 | ||
| 942 | |c TFG | ||
| 999 | |c 16627 |d 16627 | ||
